[Event "GER-ch U16 Girls"]
[Site "Oberhof"]
[Date "2010.05.29"]
[Round "9"]
[White "Pohl, Theresa"]
[Black "Schulz, Anja2222"]
[Result "1/2-1/2"]
[WhiteElo "1821"]
[BlackElo "1972"]
[PlyCount "52"]
[EventDate "2010.05.22"]
[EventType "swiss"]
[EventRounds "9"]
[EventCountry "GER"]
[SourceTitle "CBM 136 Extra"]
[Source "ChessBase"]
[SourceDate "2010.07.02"]
[SourceVersion "2"]
[SourceVersionDate "2010.07.15"]
[SourceQuality "1"]

1. d4 Nf6 2. c4 g6 3. Nc3 Bg7 4. e4 d6 5. f4 0-0 6. Nf3 c5 7. d5 b5 8. cxb5 a6 9. bxa6 Qa5 10. Bd2 Bxa6 11. Be2 Bxe2 12. Qxe2 Qa6 13. Qxa6 Nxa6 14. 0-0 Nd7 15. Rab1 Rfb8 16. a3 Rb3 17. Rfe1 e5 18. g3 Rab8 19. fxe5 Nxe5 20. Nxe5 Bxe5 21. Na4 Bd4+ 22. Kh1 Nc7 23. Bf4 Nb5 24. Rbc1 f6 25. g4 g5 26. Bg3 Rb7 1/2-1/2

[Event "GER-ch U16 Girls"]
[Site "Oberhof"]
[Date "2010.05.26"]
[Round "6"]
[White "Pohl, Theresa"]
[Black "Klek, Hanna Marie"]
[Result "0-1"]
[WhiteElo "1821"]
[BlackElo "2133"]
[PlyCount "76"]
[EventDate "2010.05.22"]
[EventType "swiss"]
[EventRounds "9"]
[EventCountry "GER"]
[SourceTitle "CBM 136 Extra"]
[Source "ChessBase"]
[SourceDate "2010.07.02"]
[SourceVersion "2"]
[SourceVersionDate "2010.07.15"]
[SourceQuality "1"]

1. d4 d5 2. c4 e6 3. Nc3 Be7 4. Nf3 Nf6 5. Bg5 h6 6. Bh4 0-0 7. e3 b6 8. Be2 dxc4 9. Bxc4 Bb7 10. 0-0 a6 11. Rc1 Nbd7 12. Re1 c5 13. Bg3 Rc8 14. d5 exd5 15. Nxd5 Ne4 16. Nxe7+ Qxe7 17. Bf4 b5 18. Bb3 Rfd8 19. Qe2 c4 20. Bc2 Qb4 21. Bxe4 Bxe4 22. Rc3 Bxf3 23. gxf3 Nc5 24. a3 Qa5 25. Bg3 Nd3 26. Rd1 Rd7 27. Qc2 Rcd8 28. Rf1 Nc5 29. Qb1 Nb3 30. Qc2 Nd2 31. Rc1 Nxf3+ 32. Kg2 Nd2 33. Qf5 Qb6 34. e4 Qc6 35. f3 Rd3 36. Bh4 g5 37. Bg3 Qe6 38. Qc5 Nxf3 0-1

[Event "GER-ch U16 Girls"]
[Site "Oberhof"]
[Date "2010.05.25"]
[Round "5"]
[White "Bruehan, Caren"]
[Black "Pohl, Theresa"]
[Result "1/2-1/2"]
[WhiteElo "1458"]
[BlackElo "1821"]
[PlyCount "73"]
[EventDate "2010.05.22"]
[EventType "swiss"]
[EventRounds "9"]
[EventCountry "GER"]
[SourceTitle "CBM 136 Extra"]
[Source "ChessBase"]
[SourceDate "2010.07.02"]
[SourceVersion "2"]
[SourceVersionDate "2010.07.15"]
[SourceQuality "1"]

1. d4 g6 2. Nf3 Bg7 3. e3 d6 4. c3 Nd7 5. Bd3 e5 6. Nbd2 Ne7 7. 0-0 0-0 8. Re1 h6 9. Qc2 f5 10. e4 f4 11. Nc4 g5 12. h3 Ng6 13. Qb3 Kh7 14. Be2 Qe7 15. Qc2 Nf6 16. dxe5 dxe5 17. b3 c5 18. Nh2 Nh4 19. Nd2 Bd7 20. Qd1 Qf7 21. Ng4 Nxg4 22. Bxg4 Bxg4 23. Qxg4 Rad8 24. Nf3 Nxf3+ 25. Qxf3 Rd7 26. Bb2 Rfd8 27. Rad1 Kg8 28. Qg4 Kf8 29. c4 h5 30. Qe2 b6 31. Rd5 Rxd5 32. exd5 Re8 33. Qe4 g4 34. hxg4 hxg4 35. g3 fxg3 36. fxg3 Qh5 37. Kf2 1/2-1/2

[Event "GER-ch U16 Girls"]
[Site "Oberhof"]
[Date "2010.05.24"]
[Round "3"]
[White "Duessler, Stefanie"]
[Black "Pohl, Theresa"]
[Result "1/2-1/2"]
[WhiteElo "1828"]
[BlackElo "1821"]
[PlyCount "104"]
[EventDate "2010.05.22"]
[EventType "swiss"]
[EventRounds "9"]
[EventCountry "GER"]
[SourceTitle "CBM 136 Extra"]
[Source "ChessBase"]
[SourceDate "2010.07.02"]
[SourceVersion "2"]
[SourceVersionDate "2010.07.15"]
[SourceQuality "1"]

1. e4 e6 2. d4 d5 3. Nc3 Bb4 4. e5 c5 5. a3 Ba5 6. b4 cxd4 7. Nb5 Bc7 8. f4 a6 9. Nxc7+ Qxc7 10. Bb2 Nc6 11. Nf3 Nge7 12. Bd3 Ng6 13. Qd2 Bd7 14. 0-0 0-0 15. Nxd4 Qb6 16. Qf2 Rac8 17. Rae1 Nce7 18. Kh1 Qc7 19. Qe2 Rfe8 20. Nb3 Nf5 21. Nc5 Ra8 22. a4 Bc8 23. Qf2 a5 24. g4 Nh6 25. Bxg6 hxg6 26. g5 Nf5 27. b5 b6 28. Nb3 Bb7 29. Nd4 Rec8 30. Re2 Rab8 31. Kg1 Qc4 32. Ra1 Ba8 33. Kf1 Qb4 34. c3 Qc4 35. Ra3 Qd3 36. Nxf5 gxf5 37. Qe3 Qxe3 38. Rxe3 Rc4 39. Rf3 d4 40. Rf2 d3 41. Bc1 Rbc8 42. Bd2 Kf8 43. Ra1 Ke8 44. h4 g6 45. Rh2 Bf3 46. Rh3 Be2+ 47. Kf2 Kd7 48. Ra3 Kc7 49. Be3 Bg4 50. Rh1 Rd8 51. Bd2 Re4 52. Re1 Be2 1/2-1/2

[Event "GER-ch U14 Girls"]
[Site "Willingen"]
[Date "2009.06.02"]
[Round "5"]
[White "Schaefer, Daniela"]
[Black "Pohl, Theresa"]
[Result "0-1"]
[WhiteElo "1905"]
[BlackElo "1700"]
[PlyCount "46"]
[EventDate "2009.05.30"]
[EventType "swiss"]
[EventRounds "9"]
[EventCountry "GER"]
[SourceTitle "EXT 2010"]
[Source "ChessBase"]
[SourceDate "2010.11.25"]
[SourceVersion "1"]
[SourceVersionDate "2010.11.25"]
[SourceQuality "1"]

1. e4 e6 2. d4 d5 3. Nd2 Nf6 4. e5 Nfd7 5. Bd3 c5 6. c3 Nc6 7. Ndf3 cxd4 8. cxd4 Qb6 9. Ne2 f6 10. exf6 Nxf6 11. 0-0 Bd6 12. Re1 0-0 13. Nc3 Kh8 14. Na4 Qc7 15. Bd2 Ng4 16. h3 Bh2+ 17. Kf1 Nxf2 18. Kxf2 Qg3+ 19. Kf1 Nxd4 20. Re3 e5 21. Bb4 Bxh3 22. Qd2 Rxf3+ 23. Rxf3 Qxf3+ 0-1

[Event "GER-ch U12"]
[Site "Willingen"]
[Date "2007.05.28"]
[Round "4"]
[White "Pohl, Theresa"]
[Black "Schmalhorst, Sophia"]
[Result "1-0"]
[WhiteElo "1482"]
[BlackElo "1109"]
[PlyCount "113"]
[EventDate "2007.05.26"]
[EventType "swiss"]
[EventRounds "11"]
[EventCountry "GER"]
[SourceTitle "CBM 118 Extra"]
[Source "ChessBase"]
[SourceDate "2007.07.04"]
[SourceVersion "1"]
[SourceVersionDate "2007.07.04"]
[SourceQuality "1"]

1. d4 d5 2. Nf3 Nf6 3. e3 Bg4 4. c4 e6 5. Nc3 c6 6. Bd3 Bd6 7. 0-0 0-0 8. h3 Bh5 9. Re1 Nbd7 10. e4 dxc4 11. Bxc4 e5 12. Be3 h6 13. Rc1 Re8 14. d5 cxd5 15. Bxd5 Nxd5 16. Nxd5 Nf6 17. Nc3 a6 18. Qe2 Qe7 19. Red1 Bb4 20. Nd5 Nxd5 21. Rxd5 Red8 22. Bc5 Bxc5 23. Rdxc5 Qe6 24. Rc7 b5 25. b3 Rac8 26. Qc2 Rxc7 27. Qxc7 Rd6 28. Qc8+ Kh7 29. Qxe6 Rxe6 30. Nh4 Bg6 31. Nxg6 Kxg6 32. Rc5 Kf6 33. Kf1 Kg5 34. f3 Kf4 35. Rc7 Rf6 36. Re7 g5 37. Kf2 g4 38. g3+ Kg5 39. Rxe5+ Kg6 40. hxg4 Rd6 41. Ke2 Rd7 42. f4 Rd6 43. Rd5 Rc6 44. Kd2 f6 45. a3 Rb6 46. Ke3 Rc6 47. e5 fxe5 48. fxe5 Kf7 49. Rd6 Rxd6 50. exd6 Ke6 51. Kf4 Kxd6 52. g5 hxg5+ 53. Kxg5 Ke6 54. Kg6 a5 55. g4 Ke7 56. Kg7 Ke6 57. g5 1-0

[Event "GER-chT U14 Girls"]
[Site "Burg Stargard"]
[Date "2006.12.29"]
[Round "6.1"]
[White "Pohl, Theresa"]
[Black "Spangenberg, Pia"]
[Result "1/2-1/2"]
[WhiteElo "1250"]
[BlackElo "1361"]
[PlyCount "52"]
[EventDate "2006.12.27"]
[EventType "team-swiss"]
[EventRounds "7"]
[EventCountry "GER"]
[SourceTitle "EXT 2008"]
[Source "ChessBase"]
[SourceDate "2007.11.25"]
[SourceVersion "1"]
[SourceVersionDate "2007.11.25"]
[SourceQuality "1"]
[WhiteTeam "Leegebruch U14 Girls"]
[BlackTeam "Leipzig Lindenau U14 Girls"]
[WhiteTeamCountry "GER"]
[BlackTeamCountry "GER"]

1. d4 d5 2. Nf3 Nf6 3. e3 g6 4. c4 Bg7 5. Nc3 0-0 6. Bd3 dxc4 7. Bxc4 c6 8. 0-0 Nbd7 9. e4 b5 10. Bb3 Nb6 11. Bf4 Bb7 12. Re1 Rc8 13. Qd2 b4 14. Na4 Nxa4 15. Bxa4 a5 16. Rac1 Nh5 17. Bh6 Bxh6 18. Qxh6 f6 19. e5 Ng7 20. Bb3+ Kh8 21. Bc2 Nf5 22. Bxf5 gxf5 23. Nh4 Rg8 24. f3 Qxd4+ 25. Kh1 Qxb2 26. Rcd1 Rcf8 1/2-1/2

[Event "Greifswald Klar U14 3rd"]
[Site "Greifswald"]
[Date "2005.07.09"]
[Round "6"]
[White "Pohl, Theresa"]
[Black "Eggert, Andre"]
[Result "1-0"]
[WhiteElo "1110"]
[BlackElo "751"]
[PlyCount "81"]
[EventDate "2005.07.07"]
[EventType "tourn"]
[EventRounds "7"]
[EventCountry "GER"]
[SourceTitle "EXT 2007"]
[Source "ChessBase"]
[SourceDate "2006.11.23"]
[SourceVersion "1"]
[SourceVersionDate "2006.11.23"]
[SourceQuality "1"]

1. d4 d5 2. Nf3 Nc6 3. g3 Bg4 4. Bg2 Nf6 5. 0-0 e6 6. Nc3 Bb4 7. Bd2 0-0 8. Ne5 Nxd4 9. Nxg4 Nxg4 10. e3 Bxc3 11. Bxc3 Nb5 12. Qxg4 Nxc3 13. bxc3 Qf6 14. c4 Qc3 15. cxd5 exd5 16. Bxd5 c6 17. Be4 g6 18. Bd3 a6 19. Rab1 b5 20. Qd7 c5 21. Be4 Rae8 22. Qb7 Qa3 23. Bc6 Rb8 24. Qe7 Qxa2 25. Qxc5 Qa5 26. Qe5 Qd2 27. c4 Rbc8 28. cxb5 f6 29. Qe6+ Rf7 30. Qxc8+ Rf8 31. Qxa6 Qc3 32. Rfc1 Qd2 33. b6 Re8 34. Bxe8 Qd8 35. b7 Qb8 36. Rc8 Qe5 37. b8B Qd5 38. Bc6+ Kg7 39. Bxd5 Kh6 40. Qxf6 Kh5 41. Bf3+ 1-0

[Event "Greifswald Klar U14 3rd"]
[Site "Greifswald"]
[Date "2005.07.08"]
[Round "4"]
[White "Pohl, Theresa"]
[Black "Heinrich, Philipp"]
[Result "1/2-1/2"]
[WhiteElo "1110"]
[BlackElo "955"]
[PlyCount "57"]
[EventDate "2005.07.07"]
[EventType "tourn"]
[EventRounds "7"]
[EventCountry "GER"]
[SourceTitle "EXT 2007"]
[Source "ChessBase"]
[SourceDate "2006.11.23"]
[SourceVersion "1"]
[SourceVersionDate "2006.11.23"]
[SourceQuality "1"]

1. d4 d5 2. Nf3 Nf6 3. g3 g6 4. Bg2 Bg7 5. 0-0 0-0 6. Nc3 Nc6 7. Bg5 Qd6 8. Re1 e5 9. e4 Be6 10. dxe5 Nxe5 11. Nxe5 Qxe5 12. Bf4 Qh5 13. exd5 Qxd1 14. Raxd1 Bg4 15. f3 Bf5 16. g4 Bxc2 17. Rd2 g5 18. Bxg5 Bg6 19. Re7 Rad8 20. Rxc7 Rd6 21. Bxf6 Bxf6 22. Ne4 Bxe4 23. fxe4 Bh4 24. Rxb7 Rc8 25. Rxa7 Rf6 26. Rd1 Rc2 27. Ra8+ Kg7 28. d6 Rff2 29. Bh1 1/2-1/2

[Event "GER-ch U10"]
[Site "Willingen"]
[Date "2005.05.18"]
[Round "7"]
[White "Tran, Duc Cuong"]
[Black "Pohl, Theresa"]
[Result "1-0"]
[WhiteElo "1395"]
[BlackElo "1049"]
[PlyCount "95"]
[EventDate "2005.05.14"]
[EventType "swiss"]
[EventRounds "11"]
[EventCountry "GER"]
[SourceTitle "CBM 106 Extra"]
[Source "ChessBase"]
[SourceDate "2005.07.01"]
[SourceVersion "1"]
[SourceVersionDate "2005.07.01"]
[SourceQuality "1"]

1. e4 e5 2. Nf3 Nc6 3. Bc4 g6 4. 0-0 Bg7 5. d3 d6 6. Ng5 Nh6 7. a3 0-0 8. h3 Kh8 9. Nc3 f6 10. Ne6 Bxe6 11. Bxe6 Nd4 12. Ba2 f5 13. Ne2 Nxe2+ 14. Qxe2 c6 15. b4 d5 16. f3 f4 17. Bb2 a6 18. exd5 cxd5 19. Bxe5 Re8 20. Bxg7+ Kxg7 21. Qd2 g5 22. Qc3+ d4 23. Qd2 b5 24. Rfe1 Re3 25. Rxe3 dxe3 26. Qc3+ Kg6 27. Qe5 Rc8 28. Bb3 Nf5 29. Be6 Ng7 30. Bxc8 Qxc8 31. c3 Nf5 32. a4 Qb7 33. Qe6+ Kg7 34. Qxf5 h6 35. Qc5 Qd7 36. Qd4+ Qxd4 37. cxd4 h5 38. axb5 axb5 39. Ra5 Kf6 40. Rxb5 h4 41. Re5 Kg6 42. b5 Kf6 43. b6 Kg6 44. b7 Kf6 45. b8Q Kg6 46. Qd6+ Kh5 47. Re6 g4 48. Qe5# 1-0